000 00275pam a2200121 a 4500
020 _c
041 _h
082 _a750
_bVAD
245 _aShilpa Gupta
_hTextual Documents
260 _a[s.l]:
_bVadhera Art Gallery , Delhi,
_c2008.
300 _a248:
_bpaper.
930 _a7008
999 _c240798
_d240798